000
00177 a2200097 4500
020
_a
00602154488
041
_a
spa
100
_a
Arthur Dorros
245
_a
Don Radio
942
_c
K
999
_c
26444
_d
26444